000
00297nam a2200109Ia 4500
008
220204s9999 xx 000 0 und d
082
_b
CHU
100
_a
Chunakkara Gopalakrishnan
245
0
_a
Rubber krishikku oru guide
260
_a
Trivandrum
_b
Kerala Sastra Sahitya parishat
_c
1977
942
_c
BK
999
_c
26329
_d
26329